[Event "HUN-chT2 Szechenyi 1213"]
[Site "Hungary"]
[Date "2012.12.02"]
[Round "5.3"]
[White "Marton, Jozsef"]
[Black "Pajor, Matyas"]
[Result "1/2-1/2"]
[WhiteElo "2209"]
[BlackElo "1923"]
[PlyCount "86"]
[EventDate "2012.09.16"]
[EventType "team-tourn"]
[EventRounds "11"]
[EventCountry "HUN"]
[SourceTitle "EXT 2014"]
[Source "ChessBase"]
[SourceDate "2013.11.20"]
[SourceVersion "1"]
[SourceVersionDate "2013.11.20"]
[SourceQuality "1"]
[WhiteTeam "Tapolca"]
[BlackTeam "Haladas III"]
[WhiteTeamCountry "HUN"]
[BlackTeamCountry "HUN"]

1. Nf3 d5 2. g3 Nf6 3. Bg2 c5 4. c4 e6 5. 0-0 Be7 6. cxd5 exd5 7. b3 Bf5 8. Bb2 Nbd7 9. d3 Qc7 10. Nbd2 0-0 11. Qc2 Be6 12. e4 Rac8 13. Ng5 h6 14. Nxe6 fxe6 15. Bh3 Qc6 16. e5 Ne8 17. Rac1 b5 18. Qd1 Nc7 19. Qg4 Qa6 20. Rc2 d4 21. Re1 Nb6 22. a3 Nbd5 23. Ne4 b4 24. Nxc5 Bxc5 25. Rxc5 bxa3 26. Bxd4 Qxd3 27. Qd1 Rf3 28. Bxe6+ Nxe6 29. Rxc8+ Kh7 30. Qxd3+ Rxd3 31. Bxa7 Rxb3 32. Rcc1 a2 33. Kf1 Nb4 34. Ra1 Rb2 35. Rec1 Nc2 36. Kg2 Nxa1 37. Rxa1 Kg6 38. Kf3 Kf5 39. Ke3 Kxe5 40. Kd3 Kd5 41. Kc3 Re2 42. Kd3 Rb2 43. Kc3 Re2 1/2-1/2

[Event "HUN-ch U16"]
[Site "Budapest"]
[Date "2012.04.04"]
[Round "1"]
[White "Pajor, Matyas"]
[Black "Farkas, Richard"]
[Result "1/2-1/2"]
[WhiteElo "1849"]
[BlackElo "2111"]
[PlyCount "187"]
[EventDate "2012.04.04"]
[EventType "swiss"]
[EventRounds "7"]
[EventCountry "HUN"]
[SourceTitle "EXT 2025"]
[Source "ChessBase"]
[SourceDate "2024.10.14"]
[SourceVersion "1"]
[SourceVersionDate "2024.10.14"]
[SourceQuality "1"]

1. e4 c5 2. Nf3 e6 3. d4 cxd4 4. Nxd4 a6 5. Bd3 Bc5 6. Nf3 Qc7 7. 0-0 Nc6 8. Nc3 Nf6 9. Qe2 d6 10. a3 b5 11. Be3 Bxe3 12. Qxe3 0-0 13. Rfe1 e5 14. h3 h6 15. Nd2 Be6 16. f4 exf4 17. Qxf4 Ne5 18. Qe3 Rfe8 19. Nf3 Nc4 20. Bxc4 Bxc4 21. Qd4 Rad8 22. Rad1 Be6 23. Rd2 Bc8 24. Nd5 Nxd5 25. exd5 Rxe1+ 26. Nxe1 Re8 27. Nd3 Qe7 28. Qf2 Qg5 29. Re2 Rxe2 30. Qxe2 Bxh3 31. Nb4 Bd7 32. Qe1 a5 33. Nc6 Bxc6 34. dxc6 Qc5+ 35. Kh1 Qxc6 36. Qxa5 Qxc2 37. Qxb5 Qc1+ 38. Kh2 Qf4+ 39. Kh1 Qh4+ 40. Kg1 Qe1+ 41. Kh2 Qh4+ 42. Kg1 Qd4+ 43. Kh2 g5 44. a4 Qf4+ 45. Kg1 g4 46. a5 g3 47. Qe8+ Kh7 48. Qe1 Qh4 49. Qe3 Qh2+ 50. Kf1 Qh1+ 51. Qg1 Qh5 52. Qd4 Qxa5 53. Qd3+ f5 54. Qb3 d5 55. Qxg3 Qb5+ 56. Ke1 Qxb2 57. Qc7+ Qg7 58. Qf4 Qa1+ 59. Kf2 Qb2+ 60. Kg1 Qb1+ 61. Kh2 Qe4 62. Qc7+ Kg6 63. Qg3+ Kh5 64. Qg8 f4 65. Qf7+ Kg5 66. Qg7+ Qg6 67. Qe5+ Qf5 68. Qg7+ Kh5 69. Qd4 Kg6 70. Qb6+ Qf6 71. Qb5 f3 72. gxf3 Qxf3 73. Qe8+ Kf5 74. Qf8+ Ke4 75. Qe7+ Kd3 76. Qa3+ Ke2 77. Qb2+ Ke3 78. Qc3+ Ke4 79. Qc2+ Qd3 80. Qg2+ Kd4 81. Qg7+ Kc4 82. Qxh6 Kc3 83. Qc6+ Kd2 84. Kg2 d4 85. Qh6+ Qe3 86. Qb6 d3 87. Qb4+ Ke2 88. Qg4+ Ke1 89. Qh4+ Kd1 90. Qa4+ Kc1 91. Qa3+ Kc2 92. Qa4+ Kc3 93. Qa3+ Kc4 94. Qa2+ 1/2-1/2

[Event "HUN-chT2 Szechenyi 1112"]
[Site "Hungary"]
[Date "2011.09.25"]
[Round "1.8"]
[White "Pajor, Matyas"]
[Black "Czupor, Attila"]
[Result "1-0"]
[WhiteElo "1848"]
[BlackElo "1808"]
[PlyCount "117"]
[EventDate "2011.09.25"]
[EventType "team-tourn"]
[EventRounds "11"]
[EventCountry "HUN"]
[SourceTitle "EXT 2013"]
[Source "ChessBase"]
[SourceDate "2012.11.22"]
[SourceVersion "1"]
[SourceVersionDate "2012.11.22"]
[SourceQuality "1"]
[WhiteTeam "Haladas"]
[BlackTeam "Sarvar"]
[WhiteTeamCountry "HUN"]
[BlackTeamCountry "HUN"]

1. e4 e5 2. Nf3 Nc6 3. Bb5 a6 4. Ba4 Nf6 5. 0-0 Be7 6. Re1 b5 7. Bb3 0-0 8. c3 d5 9. exd5 Nxd5 10. d4 exd4 11. Nxd4 Nxd4 12. Qxd4 Bb7 13. Rd1 c5 14. Qe4 c4 15. Bc2 f5 16. Qe6+ Kh8 17. Bxf5 Bc8 18. Qxd5 Bxf5 19. Be3 Qc7 20. Qd2 Bd3 21. f3 Bd6 22. h3 Rae8 23. Re1 Re6 24. Bf2 Bf4 25. Rxe6 Bxd2 26. Nxd2 Qc8 27. Rae1 Bg6 28. Re7 Re8 29. Bd4 Rxe7 30. Rxe7 Kg8 31. Rxg7+ Kf8 32. Ne4 Bxe4 33. fxe4 Qe6 34. Rg4 Ke8 35. Rf4 Qh6 36. Rf2 Qh5 37. Kh2 Qg6 38. e5 Qe4 39. Rf3 a5 40. Rf2 b4 41. Rf3 a4 42. a3 bxa3 43. bxa3 Qe1 44. e6 Qe4 45. e7 Qd5 46. Bf6 Qd6+ 47. Kg1 Qxa3 48. Bh4 Qc1+ 49. Kh2 Qh6 50. Rf8+ Qxf8 51. exf8Q+ Kxf8 52. Bf2 Kf7 53. Bc5 Ke6 54. Kg3 Kd5 55. Bb4 Ke4 56. Kf2 Kd3 57. Kf3 Kc2 58. Ke3 Kb3 59. Kd4 1-0

[Event "HUN-chT2 Szechenyi 1011"]
[Site "Hungary"]
[Date "2011.03.27"]
[Round "7.9"]
[White "Toth, Csaba"]
[Black "Pajor, Matyas"]
[Result "0-1"]
[WhiteElo "2038"]
[BlackElo "1737"]
[PlyCount "100"]
[EventDate "2010.09.12"]
[EventType "team-tourn"]
[EventRounds "11"]
[EventCountry "HUN"]
[SourceTitle "EXT 2012"]
[Source "ChessBase"]
[SourceDate "2011.11.24"]
[SourceVersion "1"]
[SourceVersionDate "2011.11.24"]
[SourceQuality "1"]
[WhiteTeam "Sarvar"]
[BlackTeam "HVSE Infraplan"]
[WhiteTeamCountry "HUN"]
[BlackTeamCountry "HUN"]

1. d4 Nf6 2. c4 e6 3. Nc3 d5 4. Nf3 Be7 5. g3 Nbd7 6. Bg2 0-0 7. 0-0 dxc4 8. e4 Nb6 9. Bf4 c5 10. Nb5 Bd7 11. Nd6 Ba4 12. Nxb7 Bxd1 13. Nxd8 Bxf3 14. Nc6 Bxg2 15. Nxe7+ Kh8 16. Kxg2 cxd4 17. Rfe1 Nfd7 18. Nc6 Rfc8 19. Ne5 Nxe5 20. Bxe5 d3 21. Red1 f6 22. Bd4 e5 23. Be3 Rd8 24. Rac1 Rac8 25. Rd2 Rd7 26. Rc3 Na4 27. Ra3 c3 28. bxc3 Nxc3 29. Rxa7 Rxa7 30. Bxa7 Rd8 31. Kf3 Nxa2 32. Ke3 Nb4 33. Bc5 Nc2+ 34. Kf3 Kg8 35. Rd1 Kf7 36. Rb1 Rd7 37. Be3 g6 38. g4 Ke7 39. Bc5+ Kd8 40. Be3 Ke7 41. Bc5+ Ke6 42. Rb6+ Kf7 43. Rb1 Rc7 44. Be3 h5 45. gxh5 gxh5 46. Bd2 Rc6 47. Rb7+ Ke6 48. Rb8 f5 49. Re8+ Kf6 50. Rf8+ Ke7 0-1

[Event "HUN-chT2 Szechenyi 1011"]
[Site "Hungary"]
[Date "2010.11.21"]
[Round "6.11"]
[White "Pajor, Matyas"]
[Black "Lajko, Balazs"]
[Result "1-0"]
[WhiteElo "1737"]
[BlackElo "1705"]
[PlyCount "111"]
[EventDate "2010.09.12"]
[EventType "team-tourn"]
[EventRounds "11"]
[EventCountry "HUN"]
[SourceTitle "EXT 2012"]
[Source "ChessBase"]
[SourceDate "2011.11.24"]
[SourceVersion "1"]
[SourceVersionDate "2011.11.24"]
[SourceQuality "1"]
[WhiteTeam "HVSE Infraplan"]
[BlackTeam "Ajka Banyasz"]
[WhiteTeamCountry "HUN"]
[BlackTeamCountry "HUN"]

1. e4 e5 2. Nf3 Nc6 3. Bb5 Nf6 4. 0-0 d6 5. Re1 Bd7 6. c3 a6 7. Ba4 b5 8. Bc2 Bg4 9. h3 Bh5 10. Qe2 Be7 11. Qe3 Bxf3 12. Qxf3 0-0 13. Qe3 Re8 14. d4 Nh5 15. Qf3 Nf6 16. Be3 h6 17. Nd2 Rb8 18. Bb3 a5 19. a4 b4 20. Bc4 bxc3 21. bxc3 exd4 22. cxd4 Rf8 23. Qg3 Kh8 24. Rab1 Nb4 25. e5 dxe5 26. Qxe5 Nc6 27. Rxb8 Qxb8 28. Qb5 Qxb5 29. Bxb5 Nb4 30. Bxh6 Bd6 31. Be3 Nc2 32. Rc1 Nxe3 33. fxe3 Nd5 34. Nc4 Bb4 35. Kf2 f5 36. g3 g5 37. Rc2 Kg7 38. Bc6 Nc3 39. Ne5 f4 40. gxf4 gxf4 41. exf4 Rxf4+ 42. Ke3 Rh4 43. Rg2+ Kf6 44. Rg6+ Ke7 45. Rg7+ Kd8 46. Rg8+ Ke7 47. Ng6+ Kd6 48. Nxh4 Kxc6 49. Nf5 Nxa4 50. h4 Nb6 51. h5 a4 52. h6 Nd5+ 53. Kd3 a3 54. h7 a2 55. Ra8 Nf4+ 56. Kc4 1-0

[Event "HUN-chT U18"]
[Site "Miskolc"]
[Date "2010.11.02"]
[Round "1.3"]
[White "Pajor, Matyas"]
[Black "Csirik, Andras"]
[Result "0-1"]
[WhiteElo "1737"]
[BlackElo "2339"]
[PlyCount "56"]
[EventDate "2010.11.02"]
[EventType "team-swiss"]
[EventRounds "8"]
[EventCountry "HUN"]
[SourceTitle "EXT 2016"]
[Source "ChessBase"]
[SourceDate "2015.10.08"]
[SourceVersion "1"]
[SourceVersionDate "2015.10.08"]
[SourceQuality "1"]

1. e4 c5 2. Nf3 g6 3. d4 Bg7 4. c3 cxd4 5. cxd4 d5 6. e5 Bg4 7. Be2 Nc6 8. 0-0 Nh6 9. h3 Bxf3 10. Bxf3 Nf5 11. Be3 0-0 12. Qd3 e6 13. Nc3 f6 14. exf6 Qxf6 15. Ne2 Ncxd4 16. Nxd4 Nxd4 17. Bxd4 Qxd4 18. Qxd4 Bxd4 19. Rfe1 Kf7 20. Re2 Rac8 21. Rae1 Rc6 22. Rd1 Bb6 23. Kf1 Rfc8 24. Bg4 h5 25. Bf3 Rc2 26. Rb1 Rxe2 27. Bxe2 Rc2 28. Ke1 Bd4 0-1

[Event "HUN-chT2 Szechenyi 1011"]
[Site "Hungary"]
[Date "2010.10.10"]
[Round "3.11"]
[White "Pajor, Matyas"]
[Black "Ligeti, Zoltan"]
[Result "1/2-1/2"]
[WhiteElo "1737"]
[BlackElo "1751"]
[PlyCount "82"]
[EventDate "2010.09.12"]
[EventType "team-tourn"]
[EventRounds "11"]
[EventCountry "HUN"]
[SourceTitle "EXT 2012"]
[Source "ChessBase"]
[SourceDate "2011.11.24"]
[SourceVersion "1"]
[SourceVersionDate "2011.11.24"]
[SourceQuality "1"]
[WhiteTeam "HVSE Infraplan"]
[BlackTeam "FKMK"]
[WhiteTeamCountry "HUN"]
[BlackTeamCountry "HUN"]

1. e4 d5 2. exd5 Nf6 3. d4 Nxd5 4. Bc4 Bf5 5. Qf3 e6 6. Bxd5 Qxd5 7. Qxd5 exd5 8. c3 Bd6 9. Nf3 Bd3 10. Be3 0-0 11. Kd2 Be4 12. Ne1 Nd7 13. f3 Bg6 14. g3 Rfe8 15. Ng2 f6 16. Bf4 Bxf4+ 17. Nxf4 Bf7 18. Na3 c6 19. Rae1 Kf8 20. Nc2 Nb6 21. b3 Rxe1 22. Rxe1 Re8 23. Ne3 g6 24. Rf1 Kg7 25. Rf2 Be6 26. Re2 Bd7 27. Nd3 Kf7 28. Nc5 Bc8 29. Kd3 Nd7 30. Nxd7 Bxd7 31. c4 dxc4+ 32. bxc4 b6 33. Re1 Bf5+ 34. Kd2 Be6 35. Rd1 Rd8 36. Kc3 Ke7 37. d5 cxd5 38. cxd5 Bc8 39. Nc4 Ba6 40. Re1+ Kd7 41. Kd4 Rc8 1/2-1/2

[Event "HUN-chT2 Szechenyi 1011"]
[Site "Hungary"]
[Date "2010.09.12"]
[Round "1.10"]
[White "Simai, Laszlo"]
[Black "Pajor, Matyas"]
[Result "1/2-1/2"]
[WhiteElo "1984"]
[BlackElo "1737"]
[PlyCount "129"]
[EventDate "2010.09.12"]
[EventType "team-tourn"]
[EventRounds "11"]
[EventCountry "HUN"]
[SourceTitle "EXT 2012"]
[Source "ChessBase"]
[SourceDate "2011.11.24"]
[SourceVersion "1"]
[SourceVersionDate "2011.11.24"]
[SourceQuality "1"]
[WhiteTeam "Veszprem"]
[BlackTeam "HVSE Infraplan"]
[WhiteTeamCountry "HUN"]
[BlackTeamCountry "HUN"]

1. e4 c5 2. Nf3 d6 3. d4 cxd4 4. Nxd4 Nf6 5. Nc3 a6 6. Be2 e6 7. 0-0 Be7 8. Kh1 Qc7 9. f4 Nc6 10. Be3 Nxd4 11. Bxd4 b5 12. Bf3 e5 13. Bg1 Bb7 14. Qe2 Rc8 15. a3 0-0 16. f5 Qc4 17. Rf2 Rfd8 18. Rd1 Qxe2 19. Rxe2 Rd7 20. Bb6 Bd8 21. Bxd8 Rcxd8 22. Red2 Kf8 23. g4 h6 24. h4 Ke7 25. Kh2 Ne8 26. Nd5+ Bxd5 27. Rxd5 Nc7 28. R5d2 Na8 29. g5 hxg5 30. hxg5 Nb6 31. b3 Rc7 32. f6+ gxf6 33. gxf6+ Ke8 34. Rg1 Kd7 35. Bg4+ Kc6 36. c4 bxc4 37. bxc4 Kb7 38. Rb2 Rxc4 39. Rgb1 Rc6 40. a4 Ka7 41. a5 Nc4 42. Rb7+ Ka8 43. Rxf7 Nxa5 44. Be6 Rc2+ 45. Kg1 Nc6 46. Bd5 Rg8+ 47. Rg7 Rf8 48. f7 Ka7 49. Rg8 Rxf7 50. Bxf7 Nd4 51. Bh5 Rc7 52. Rg6 Nb5 53. Be2 Nc3 54. Rb2 Nxe4 55. Kg2 Rd7 56. Bd3 Nc5 57. Bf5 Rf7 58. Be6 Re7 59. Bd5 Nd3 60. Rf2 Nxf2 61. Kxf2 Rd7 62. Ke3 Kb6 63. Ke4 Kc5 64. Rg1 Rh7 65. Rc1+ 1/2-1/2

[Event "HUN-chT2 Szechenyi 0910"]
[Site "Hungary"]
[Date "2010.04.18"]
[Round "10.9"]
[White "Pajor, Matyas"]
[Black "Abert, Gyula"]
[Result "1-0"]
[WhiteElo "1730"]
[BlackElo "1802"]
[PlyCount "117"]
[EventDate "2009.11.08"]
[EventType "team-tourn"]
[EventRounds "11"]
[EventCountry "HUN"]
[SourceTitle "EXT 2011"]
[Source "ChessBase"]
[SourceDate "2010.11.26"]
[SourceVersion "1"]
[SourceVersionDate "2010.11.26"]
[SourceQuality "1"]
[WhiteTeam "HVSE Infraplan"]
[BlackTeam "Arboretum"]
[WhiteTeamCountry "HUN"]
[BlackTeamCountry "HUN"]

1. e4 c5 2. Nf3 d6 3. d4 cxd4 4. Nxd4 Nf6 5. f3 a6 6. Be3 e6 7. c4 Be7 8. Nc3 0-0 9. Qd2 Nbd7 10. Be2 Kh8 11. 0-0 Ng8 12. Rac1 f5 13. exf5 Nc5 14. fxe6 Nxe6 15. Nxe6 Bxe6 16. b3 Qc7 17. Nd5 Bxd5 18. Qxd5 Nf6 19. Qd2 a5 20. Rfd1 b6 21. Bd4 Rg8 22. Qe3 Rab8 23. Re1 Rge8 24. Bd3 Bf8 25. Qg5 Qf7 26. Qh4 h6 27. Rxe8 Rxe8 28. Bxb6 Nd7 29. Bd4 Ne5 30. Bxe5 dxe5 31. Qe4 g5 32. Qg6 Bc5+ 33. Kf1 Qxg6 34. Bxg6 Rd8 35. Ke2 Kg7 36. Be4 Kf6 37. Rd1 Rd4 38. Rxd4 exd4 39. Kd3 Ke5 40. g3 h5 41. Bc6 h4 42. Bd7 hxg3 43. hxg3 Kd6 44. Bc8 Ke5 45. Bh3 Kf6 46. Ke4 Bb6 47. f4 gxf4 48. gxf4 Bc7 49. Kxd4 Bxf4 50. Kc5 Ke7 51. Kb6 Bd2 52. c5 Be3 53. a3 Kd8 54. b4 axb4 55. axb4 Bd4 56. Kc6 Be5 57. b5 Bb8 58. b6 Bf4 59. Kb7 1-0

[Event "HUN-chT2 Szechenyi 0910"]
[Site "Hungary"]
[Date "2010.03.21"]
[Round "8.9"]
[White "Pajor, Matyas"]
[Black "Domotor, Jozsef"]
[Result "1/2-1/2"]
[WhiteElo "1730"]
[BlackElo "2039"]
[PlyCount "65"]
[EventDate "2009.11.08"]
[EventType "team-tourn"]
[EventRounds "11"]
[EventCountry "HUN"]
[SourceTitle "EXT 2011"]
[Source "ChessBase"]
[SourceDate "2010.11.26"]
[SourceVersion "1"]
[SourceVersionDate "2010.11.26"]
[SourceQuality "1"]
[WhiteTeam "HVSE Infraplan"]
[BlackTeam "Zala Volan"]
[WhiteTeamCountry "HUN"]
[BlackTeamCountry "HUN"]

1. e4 c5 2. Nf3 d6 3. d4 cxd4 4. Nxd4 Nf6 5. f3 e5 6. Nb3 Be6 7. c4 Be7 8. Be3 Nc6 9. Nc3 Na5 10. Nxa5 Qxa5 11. Qb3 Rb8 12. Qb5+ Qxb5 13. Nxb5 a6 14. Nc7+ Kd7 15. Nxe6 Kxe6 16. g3 Bd8 17. Bh3+ Ke7 18. Ke2 Bc7 19. Rhd1 Rhd8 20. Rac1 Nd7 21. Rd3 Bb6 22. Rcd1 Bxe3 23. Kxe3 Nc5 24. R3d2 a5 25. Rc1 f6 26. b3 b5 27. cxb5 Rxb5 28. Bf1 Rb4 29. Bc4 Rb6 30. Bd5 Rdb8 31. Rc4 Rb4 32. Rdc2 R4b6 33. Rd2 1/2-1/2

[Event "HUN-chT2 Charousek 0910"]
[Site "Hungary"]
[Date "2009.12.20"]
[Round "4"]
[White "Pajor, Matyas"]
[Black "Makk, Norbert"]
[Result "0-1"]
[WhiteElo "1730"]
[BlackElo "1890"]
[PlyCount "110"]
[EventDate "2009.11.08"]
[EventType "team-tourn"]
[EventRounds "11"]
[EventCountry "HUN"]
[SourceTitle "EXT 2011"]
[Source "ChessBase"]
[SourceDate "2010.11.26"]
[SourceVersion "1"]
[SourceVersionDate "2010.11.26"]
[SourceQuality "1"]
[WhiteTeam "Haladas II"]
[BlackTeam "Alsoszolnok"]
[WhiteTeamCountry "HUN"]
[BlackTeamCountry "HUN"]

1. e4 e5 2. Nf3 Nf6 3. Nxe5 d6 4. Nf3 Nxe4 5. d4 d5 6. Bd3 Bd6 7. 0-0 0-0 8. Nbd2 Nxd2 9. Bxd2 Bg4 10. h3 Bh5 11. Re1 Nd7 12. c3 c6 13. Be2 Qc7 14. Nh4 Bxe2 15. Rxe2 Nf6 16. Nf3 Ne4 17. Be3 f5 18. Nd2 Bh2+ 19. Kf1 f4 20. Nxe4 fxe3 21. Ng5 Qg3 22. Qe1 Qxg5 23. Rxe3 Bg3 24. Re2 Qf6 25. Kg1 Bc7 26. Re6 Qf5 27. Qe2 Rf7 28. Rf1 Raf8 29. Re8 g6 30. Rxf8+ Rxf8 31. Re1 Kg7 32. Qe7+ Rf7 33. Qe2 Qf4 34. g3 Qf3 35. Qxf3 Rxf3 36. Re7+ Rf7 37. Re3 Kf8 38. Kg2 Re7 39. Rf3+ Ke8 40. Kf1 Kd7 41. Rf6 b6 42. h4 c5 43. dxc5 bxc5 44. h5 gxh5 45. Rh6 d4 46. Rxh5 Kc6 47. cxd4 cxd4 48. Rh1 Kc5 49. f4 Kc4 50. Kf2 d3 51. Rc1+ Kd4 52. Rd1 Ba5 53. a3 Re2+ 54. Kf1 Rxb2 55. f5 Ke3 0-1

[Event "HUN-chT U18"]
[Site "Miskolc"]
[Date "2009.10.28"]
[Round "5.13"]
[White "Feher, Adam"]
[Black "Pajor, Matyas"]
[Result "1-0"]
[WhiteElo "2224"]
[BlackElo "1730"]
[PlyCount "67"]
[EventDate "2009.10.26"]
[EventType "team-swiss"]
[EventRounds "8"]
[EventCountry "HUN"]
[SourceTitle "EXT 2016"]
[Source "ChessBase"]
[SourceDate "2015.10.08"]
[SourceVersion "1"]
[SourceVersionDate "2015.10.08"]
[SourceQuality "1"]

1. e4 c5 2. Nc3 d6 3. Nge2 e6 4. d4 cxd4 5. Nxd4 a6 6. Be2 Nf6 7. 0-0 Be7 8. Be3 Qc7 9. a4 Nbd7 10. Nb3 b6 11. f4 0-0 12. Bf3 Bb7 13. Kh1 Nc5 14. Nxc5 dxc5 15. Qe2 Rad8 16. g4 e5 17. f5 Rd6 18. g5 Nd7 19. Nd5 Bxd5 20. exd5 Qb7 21. Be4 f6 22. g6 h6 23. Qh5 Rd8 24. Ra3 Bf8 25. Rg1 Nb8 26. Bxh6 gxh6 27. g7 Bxg7 28. Qxh6 Kf8 29. Qh7 R8d7 30. Rag3 Ke8 31. Rxg7 Kd8 32. h4 c4 33. h5 Rxd5 34. Qg8+ 1-0

[Event "HUN-chT2 Szechenyi 0809"]
[Site "Hungary"]
[Date "2009.02.22"]
[Round "8.11"]
[White "Ligeti, Zoltan"]
[Black "Pajor, Matyas"]
[Result "1-0"]
[WhiteElo "1799"]
[BlackElo "1723"]
[PlyCount "47"]
[EventDate "2008.10.26"]
[EventType "tourn"]
[EventRounds "11"]
[EventCountry "HUN"]
[SourceTitle "EXT 2010"]
[Source "ChessBase"]
[SourceDate "2010.11.25"]
[SourceVersion "1"]
[SourceVersionDate "2010.11.25"]
[SourceQuality "1"]
[WhiteTeam "Flesch"]
[BlackTeam "Haladas"]
[WhiteTeamCountry "HUN"]
[BlackTeamCountry "HUN"]

1. e4 c5 2. Nf3 d6 3. d4 cxd4 4. Nxd4 Nf6 5. Nc3 a6 6. f3 e6 7. Be3 Be7 8. Qd2 Qc7 9. 0-0-0 Nc6 10. g4 b5 11. a3 0-0 12. h4 Bb7 13. h5 Rfd8 14. g5 Ne8 15. f4 Nxd4 16. Bxd4 e5 17. Be3 exf4 18. Bxf4 f6 19. Nd5 Bxd5 20. Qxd5+ Kh8 21. g6 Rac8 22. Bd3 h6 23. Qf7 Bf8 24. Qxf8# 1-0

[Event "HUN-chT U18"]
[Site "Miskolc"]
[Date "2008.10.27"]
[Round "1.18"]
[White "Pajor, Matyas"]
[Black "Herczku, Daniel"]
[Result "0-1"]
[WhiteElo "1723"]
[BlackElo "2096"]
[PlyCount "180"]
[EventDate "2008.10.27"]
[EventType "team-swiss"]
[EventRounds "8"]
[EventCountry "HUN"]
[SourceTitle "EXT 2016"]
[Source "ChessBase"]
[SourceDate "2015.10.08"]
[SourceVersion "1"]
[SourceVersionDate "2015.10.08"]
[SourceQuality "1"]

1. e4 c5 2. Nf3 Nc6 3. d4 cxd4 4. Nxd4 Nf6 5. Nc3 d6 6. Bb5 Bd7 7. 0-0 Rc8 8. a3 a6 9. Ba4 e6 10. Bg5 Be7 11. Re1 0-0 12. Nf3 Qa5 13. Bxc6 Bxc6 14. Qd3 Rfd8 15. Rac1 Qb6 16. Rb1 Qc7 17. Nd4 d5 18. Nxc6 bxc6 19. exd5 cxd5 20. Qxa6 Ng4 21. Bxe7 Qxe7 22. h3 Nf6 23. Rbd1 Qc5 24. Qe2 d4 25. Ne4 Nxe4 26. Qxe4 Qxc2 27. Rxd4 Qxb2 28. Rxd8+ Rxd8 29. Qb4 Qxb4 30. axb4 Rb8 31. Rb1 Kf8 32. Kf1 Ke7 33. Ke2 Kd6 34. Kd3 Kc6 35. Kc4 Rd8 36. Ra1 Kb6 37. Ra2 e5 38. Kc3 f6 39. g3 e4 40. Rd2 Rc8+ 41. Kb3 Rc1 42. h4 f5 43. Kb2 Re1 44. Kc2 Ra1 45. Kb2 Rg1 46. Rd6+ Kc7 47. Rd2 g6 48. Rc2+ Kb6 49. Rd2 Kb5 50. Ka3 Re1 51. Rd5+ Kc6 52. Rc5+ Kb6 53. Rc2 e3 54. Kb2 Kb5 55. fxe3 Rxe3 56. Rc3 Re1 57. Rc7 Re3 58. Rxh7 Rxg3 59. Rb7+ Kc6 60. Rh7 Kb5 61. Rb7+ Kc4 62. b5 Rb3+ 63. Kc2 Rxb5 64. Rg7 Rb6 65. h5 gxh5 66. Rg5 Rf6 67. Rxh5 Kd4 68. Kd2 Ke4 69. Ke2 Kf4 70. Kf2 Kg4 71. Rh1 Ra6 72. Rg1+ Kf4 73. Rb1 Ra2+ 74. Kf1 Kf3 75. Rb3+ Kg4 76. Rb8 f4 77. Rb7 Kg3 78. Rb8 Ra1+ 79. Ke2 f3+ 80. Ke3 Re1+ 81. Kd2 Re2+ 82. Kd1 Kf2 83. Rg8 Re5 84. Kd2 Rd5+ 85. Kc2 Kf1 86. Rg3 f2 87. Rg8 Ke2 88. Re8+ Kf3 89. Rf8+ Ke3 90. Re8+ Kf4 0-1